Lettres de la Mse du Châtelet (Record no. 150938)

MARC details
000 -LEADER
campo de control de longitud fija 00870nam a2200205 i 4500
001 - NÚMERO DE CONTROL
campo de control 150938
003 - IDENTIFICADOR DE NÚMERO DE CONTROL
campo de control ES-MaACL
005 - FECHA Y HORA DE LA ÚLTIMA TRANSACCIÓN
campo de control 20251004063157.0
007 - CAMPO FIJO DE DESCRIPCIÓN FÍSICA--INFORMACIÓN GENERAL
campo de control de longitud fija t|
008 - DATOS DE LONGITUD FIJA--INFORMACIÓN GENERAL
campo de control de longitud fija 071121s1878 fr ||||1| fre d
100 0# - ENTRADA PRINCIPAL--NOMBRE DE PERSONA
Nombre de persona Du Chatelet, Gabrielle-Emilie,
Títulos y otros términos asociados al nombre Marquise
9 (RLIN) 45703
245 10 - MENCIÓN DEL TÍTULO
Título Lettres de la Mse du Châtelet
Resto del título : réunies pour la première fois, revues sur les autographes et les éditions originales augmentées de 37 lettres entièrement inédites, de nombreuses notes, d'un index, et précédées d'une notice bigraphique /
Mención de responsabilidad, etc. par Eugène Asse.
260 ## - PUBLICACIÓN, DISTRIBUCIÓN, ETC.
Lugar de publicación, distribución, etc. Paris :
Nombre del editor, distribuidor, etc. G. Charpentier,
Fecha de publicación, distribución, etc. [1878]
300 ## - DESCRIPCIÓN FÍSICA
Extensión [4], XLIV, 495 p. ;
Dimensiones 19 cm.
490 1# - MENCIÓN DE SERIE
Mención de serie Lettres du XVIIe et du XVIIIe siècle
700 1# - ENTRADA AGREGADA--NOMBRE PERSONAL
Nombre de persona Asse, Eugène.
9 (RLIN) 23650
830 0# - PUNTO DE ACCESO ADICIONAL DE SERIE-TÍTULO UNIFORME
Título uniforme Lettres du XVIIe et du XVIIIe siècle
9 (RLIN) 221181
852 ## - LOCALIZACIÓN
Ubicación ES-MaACL
Número de control de estantería F-5847
Holdings
Estatus retirado Estado de pérdida Estado de daño No para préstamo Colección Biblioteca de origen Biblioteca actual Ubicación en estantería Fecha de adquisición Fuente de adquisición Total de préstamos Signatura topográfica completa Código de barras Visto por última vez Precio de reemplazo Tipo de ítem Koha
        Libros del s. XIX Biblioteca del Ateneo de Madrid Biblioteca del Ateneo de Madrid Depósito 2 17/01/2008     F-5847 1157502 23/02/2023 23/02/2023 Libro impreso antiguo